LEGO Series 5 Minifigures by Picture - Statistics

General Stats
  • This quiz has been taken 14 times
  • The average score is 12 of 16
Answer Stats
Picture Answer % Correct
Boxer
90%
Clown
90%
Evil Dwarf
90%
Lizard Man
90%
Detective
80%
Ice Fisherman
80%
Royal Guard
80%
Zookeeper
80%
Cavewoman
70%
Egyptian Queen
70%
Gangster
70%
Gladiator
70%
Graduate
70%
Lumberjack
70%
Snowboarder Guy
60%
Fitness Instructer
30%
No matching quizzes found
Score Distribution
Percent of People with Each Score
Percentile by Number Answered
Your Score History
You have not taken this quiz